<?xml version="1.0" encoding="UTF-8"?>
<record
    xmlns:xsi="http://www.w3.org/2001/XMLSchema-instance"
    xsi:schemaLocation="http://www.loc.gov/MARC21/slim http://www.loc.gov/standards/marcxml/schema/MARC21slim.xsd"
    xmlns="http://www.loc.gov/MARC21/slim">

  <leader>01037na  a2200325   4500</leader>
  <controlfield tag="001">17978</controlfield>
  <controlfield tag="003">MIRAKIL</controlfield>
  <controlfield tag="005">20181213154734.0</controlfield>
  <controlfield tag="008">161109b        tu            000 0      </controlfield>
  <datafield tag="020" ind1=" " ind2=" ">
    <subfield code="a">9789751940117</subfield>
  </datafield>
  <datafield tag="040" ind1=" " ind2=" ">
    <subfield code="a">Milas</subfield>
    <subfield code="b">tur</subfield>
    <subfield code="c">TR-AnCHP</subfield>
  </datafield>
  <datafield tag="041" ind1=" " ind2=" ">
    <subfield code="a">tur</subfield>
  </datafield>
  <datafield tag="082" ind1=" " ind2=" ">
    <subfield code="a">338.9331</subfield>
    <subfield code="b">&#x130;73 2007</subfield>
  </datafield>
  <datafield tag="090" ind1=" " ind2=" ">
    <subfield code="a">338.9331 &#x130;73 2007</subfield>
  </datafield>
  <datafield tag="245" ind1=" " ind2=" ">
    <subfield code="a">&#x130;&#x15F;g&#xFC;c&#xFC; piyasas&#x131; &#xF6;zel ihtisas komisyonu raporu</subfield>
    <subfield code="c">Devlet Planlama Te&#x15F;kilat&#x131;</subfield>
  </datafield>
  <datafield tag="246" ind1=" " ind2="0">
    <subfield code="a">&#x130;&#x15F;g&#xFC;c&#xFC; piyasas&#x131;</subfield>
  </datafield>
  <datafield tag="260" ind1=" " ind2=" ">
    <subfield code="a">Ankara </subfield>
    <subfield code="b">Devlet Planlama Te&#x15F;kilat&#x131;</subfield>
    <subfield code="c">2007</subfield>
  </datafield>
  <datafield tag="300" ind1=" " ind2=" ">
    <subfield code="a">128 s.</subfield>
    <subfield code="b">tbl.; res.</subfield>
    <subfield code="c">27 sm.</subfield>
  </datafield>
  <datafield tag="440" ind1=" " ind2=" ">
    <subfield code="a">DPT</subfield>
    <subfield code="v">2709</subfield>
  </datafield>
  <datafield tag="490" ind1=" " ind2=" ">
    <subfield code="a">&#xD6;&#x130;K</subfield>
    <subfield code="v">662</subfield>
  </datafield>
  <datafield tag="500" ind1=" " ind2=" ">
    <subfield code="a">Dokuzuncu kalk&#x131;nma plan&#x131; 2007-2013</subfield>
  </datafield>
  <datafield tag="610" ind1=" " ind2=" ">
    <subfield code="a">Devlet Planlama Te&#x15F;kilat&#x131; (DPT)</subfield>
  </datafield>
  <datafield tag="650" ind1=" " ind2=" ">
    <subfield code="a">Kalk&#x131;nma planlar&#x131;</subfield>
    <subfield code="y">T&#xFC;rkiye</subfield>
  </datafield>
  <datafield tag="650" ind1=" " ind2=" ">
    <subfield code="a">&#x130;&#x15F;g&#xFC;c&#xFC;</subfield>
    <subfield code="x">Kalk&#x131;nma plan&#x131;, 2007</subfield>
    <subfield code="y">Raporlar</subfield>
  </datafield>
  <datafield tag="710" ind1=" " ind2=" ">
    <subfield code="a">Devlet Planlama Te&#x15F;kilat&#x131; (DPT)</subfield>
  </datafield>
  <datafield tag="740" ind1=" " ind2=" ">
    <subfield code="a">&#x130;&#x15F;g&#xFC;c&#xFC; piyasas&#x131;</subfield>
  </datafield>
  <datafield tag="830" ind1=" " ind2=" ">
    <subfield code="a">&#xD6;zel &#x130;htisas Komisyonu</subfield>
  </datafield>
  <datafield tag="830" ind1=" " ind2=" ">
    <subfield code="a">Devlet Planlama Te&#x15F;kilat&#x131; Yay&#x131;nlar&#x131;</subfield>
  </datafield>
  <datafield tag="942" ind1=" " ind2=" ">
    <subfield code="2">ddc</subfield>
    <subfield code="c">BKS</subfield>
  </datafield>
  <datafield tag="952" ind1=" " ind2=" ">
    <subfield code="a">0001</subfield>
    <subfield code="b">0001</subfield>
    <subfield code="d">2016-11-09</subfield>
    <subfield code="e">2</subfield>
    <subfield code="l">0</subfield>
    <subfield code="o">338.9331 &#x130;73 2007</subfield>
    <subfield code="p">008469</subfield>
    <subfield code="r">2016-11-09 00:00:00</subfield>
    <subfield code="v">0.00</subfield>
    <subfield code="w">2016-11-09</subfield>
    <subfield code="y">BKS</subfield>
  </datafield>
  <datafield tag="952" ind1=" " ind2=" ">
    <subfield code="a">0001</subfield>
    <subfield code="b">0001</subfield>
    <subfield code="d">2016-11-09</subfield>
    <subfield code="e">2</subfield>
    <subfield code="l">0</subfield>
    <subfield code="o">338.9331 &#x130;73 2007</subfield>
    <subfield code="p">008470</subfield>
    <subfield code="r">2016-11-09 00:00:00</subfield>
    <subfield code="t">k.2</subfield>
    <subfield code="v">0.00</subfield>
    <subfield code="w">2016-11-09</subfield>
    <subfield code="y">BKS</subfield>
  </datafield>
  <datafield tag="999" ind1=" " ind2=" ">
    <subfield code="c">129</subfield>
    <subfield code="d">129</subfield>
  </datafield>
</record>
